The happy American cookbook (Record no. 591204)
[ view plain ]
| 000 -LEADER | |
|---|---|
| fixed length control field | 00517nam a22001697a 4500 |
| 003 - CONTROL NUMBER IDENTIFIER | |
| control field | NUST |
| 005 - DATE AND TIME OF LATEST TRANSACTION | |
| control field | 20220818113444.0 |
| 008 - FIXED-LENGTH DATA ELEMENTS--GENERAL INFORMATION | |
| fixed length control field | 220818b ||||| |||| 00| 0 eng d |
| 020 ## - INTERNATIONAL STANDARD BOOK NUMBER | |
| International Standard Book Number | 9798598622865 |
| 038 ## - RECORD CONTENT LICENSOR | |
| Staff Name | Azhar |
| 082 ## - DEWEY DECIMAL CLASSIFICATION NUMBER | |
| Classification number | 641.5973 |
| Author Mark | KOO |
| 100 ## - MAIN ENTRY--PERSONAL NAME | |
| Personal name | The Kookers |
| 9 (RLIN) | 97960 |
| 245 ## - TITLE STATEMENT | |
| Title | The happy American cookbook |
| Remainder of title | 200+ easy and modern food recipes to enjoy in the comfort of your home and feed your deepest cravings |
| Statement of responsibility, etc. | The Kookers |
| 260 ## - PUBLICATION, DISTRIBUTION, ETC. | |
| Place of publication, distribution, etc. | USA |
| Name of publisher, distributor, etc. | The Kookers |
| Date of publication, distribution, etc. | 2021 |
| 300 ## - PHYSICAL DESCRIPTION | |
| Extent | 159p |
| 942 ## - ADDED ENTRY ELEMENTS (KOHA) | |
| Source of classification or shelving scheme | |
| Koha item type | Lincoln Corner |
| Withdrawn status | Lost status | Source of classification or shelving scheme | Damaged status | Not for loan | Permanent Location | Current Location | Shelving location | Date acquired | Full call number | Barcode | Date last seen | Price effective from | Koha item type |
|---|---|---|---|---|---|---|---|---|---|---|---|---|---|
| Central Library (CL) | Central Library (CL) | Lincoln Corner | 08/18/2022 | 641.5973 KOO | LC-180 | 08/18/2022 | 08/18/2022 | Reference |
